000 00759nam a2200241 4500
001 16511
003 HDC
007 cr bn ---aaaaa
008 210221c mydr|noo 0 a may d
040 _aHDC
245 0 _aMalaysia-Australia eksport makanan halal
260 _aMalaysia:
_bUtusan Malaysia,
_c2003
336 _atext
_2rdacontent
337 _acomputer
_2rdamedia
338 _aonline resource
_2rdacarrier
650 _aexport industry
_95987
650 _ahalal food
_950
710 _aUtusan Malaysia
856 _zRequest full-text at [email protected]
942 _2lcc
942 _cNEWS
942 _kNSWO 008461
999 _c13827
_d13827